| 000 | 00526nam a2200193Ia 4500 | ||
|---|---|---|---|
| 005 | 20250326124112.0 | ||
| 008 | 250326s9999 xx 000 0 und d | ||
| 037 | _aTextbook | ||
| 040 |
_aFMSL _beng _cFMSL |
||
| 041 |
_aeng _2eng |
||
| 084 |
_aX:5 K2 _qFMSL |
||
| 100 |
_aIrish M D _9736773 |
||
| 245 | 0 |
_aPolitics of American democracy _cIrish M D; Prothro J W |
|
| 250 | _a2 | ||
| 260 |
_aNew Jersey _bNew Jersey, Prentice-Hall _c1962 |
||
| 300 | _a657p | ||
| 942 |
_cTB _hX:5 K2 |
||
| 999 |
_c1272291 _d1272291 |
||